[Event "Olimpiada Calviá 2004"]
[Site "Calviá ESP"]
[Date "2004.10.18"]
[Round "4.47"]
[White "Kayle, Charles"]
[Black "Santa Torres, Luis A"]
[Result "1/2-1/2"]
[WhiteElo "2036"]
[BlackElo "2196"]
[PlyCount "46"]
[EventDate "2004.10.15"]
[EventType "team"]
[EventRounds "14"]
[EventCountry "ESP"]
[Source "lmi"]
[SourceDate "2004.10.27"]

1. d4 Nf6 2. c4 g6 3. Nc3 Bg7 4. e4 d6 5. f4 O-O 6. Nf3 c5 7. d5 e6 8. Be2 exd5
9. cxd5 Bg4 10. O-O Nbd7 11. a4 Re8 12. h3 Bxf3 13. Bxf3 a6 14. Kh1 Qa5 15. Be3
Rac8 16. g4 h6 17. h4 Qb4 18. Ra3 c4 19. g5 hxg5 20. hxg5 Nh7 21. Bd4 Bxd4 22.
Qxd4 Qc5 23. Qd2 b5 1/2-1/2

[Event "Olimpiada Calviá 2004"]
[Site "Calviá ESP"]
[Date "2004.10.18"]
[Round "4.49"]
[White "Ahmed Abdul Sattar, Wahab"]
[Black "Chong, Chor Yuen"]
[Result "1-0"]
[WhiteElo "2270"]
[BlackElo "2146"]
[PlyCount "111"]
[EventDate "2004.10.15"]
[EventType "team"]
[EventRounds "14"]
[EventCountry "ESP"]
[Source "lmi"]
[SourceDate "2004.10.27"]

1. e4 e5 2. Nf3 Nf6 3. Nxe5 d6 4. Nf3 Nxe4 5. d4 d5 6. Bd3 Bd6 7. O-O O-O 8. c4
c6 9. cxd5 cxd5 10. Nc3 Nxc3 11. bxc3 Bg4 12. Rb1 b6 13. Rb5 Bc7 14. h3 a6 15.
Rxd5 Qxd5 16. hxg4 Nd7 17. Qc2 h6 18. Bh7+ Kh8 19. Be4 Qd6 20. Bxa8 Rxa8 21.
Re1 Kg8 22. g5 h5 23. Qe4 Rd8 24. g3 Nf8 25. Kg2 Qd7 26. Qe7 Ne6 27. Qxd7 Rxd7
28. g6 Nf8 29. gxf7+ Kxf7 30. Ng5+ Kg6 31. f4 Bd8 32. Nf3 Bc7 33. Ba3 Bd6 34.
Ne5+ Bxe5 35. Rxe5 Rd8 36. Bxf8 Rxf8 37. Re6+ Kf5 38. Rxb6 Rc8 39. Rb3 Kg4 40.
Ra3 Rb8 41. Rb3 Rc8 42. Kf2 Rc4 43. Ra3 Rc6 44. Kg2 h4 45. gxh4 Kxf4 46. Kf2
Kg4 47. Ke3 Kxh4 48. d5 Rh6 49. c4 g5 50. c5 g4 51. d6 Rh8 52. Kd4 g3 53. Rxg3
Kxg3 54. d7 Kf4 55. c6 Rd8 56. Kd5 1-0

[Event "Olimpiada Calviá 2004"]
[Site "Calviá ESP"]
[Date "2004.10.18"]
[Round "4.50"]
[White "Weeramantry, Sunil"]
[Black "Kumar, Manoj"]
[Result "1-0"]
[WhiteElo "2231"]
[BlackElo "2036"]
[PlyCount "51"]
[EventDate "2004.10.15"]
[EventType "team"]
[EventRounds "14"]
[EventCountry "ESP"]
[Source "lmi"]
[SourceDate "2004.10.27"]

1. e4 e5 2. Nf3 Nc6 3. d4 exd4 4. Bc4 Bc5 5. c3 Nf6 6. e5 d5 7. Bb5 Ne4 8. cxd4
Bb4+ 9. Bd2 Nxd2 10. Nbxd2 O-O 11. O-O Bxd2 12. Qxd2 Ne7 13. Rfe1 Nf5 14. Qf4
g6 15. Bd3 Ng7 16. Qh6 Ne6 17. h4 Qe7 18. h5 Bd7 19. g3 b6 20. Kg2 c5 21. Rh1
Be8 22. Rae1 Rc8 23. Rh4 Rc7 24. Reh1 c4 25. Qxh7+ Kxh7 26. hxg6+ 1-0

[Event "Olimpiada Calviá 2004"]
[Site "Calviá ESP"]
[Date "2004.10.18"]
[Round "4.50"]
[White "Prasad, Calvin"]
[Black "Dissanayake, P R."]
[Result "0-1"]
[WhiteElo "1803"]
[BlackElo "2112"]
[PlyCount "40"]
[EventDate "2004.10.15"]
[EventType "team"]
[EventRounds "14"]
[EventCountry "ESP"]
[Source "lmi"]
[SourceDate "2004.10.27"]

1. d4 Nf6 2. c4 c5 3. Nf3 cxd4 4. Nxd4 Nc6 5. Nc3 e6 6. e3 Be7 7. Bd3 O-O 8.
O-O Ne5 9. Be2 d5 10. cxd5 exd5 11. b3 a6 12. Bb2 Re8 13. Rc1 Bd6 14. h3 Bb8
15. Ba3 Ne4 16. Qc2 Bxh3 17. Nxe4 dxe4 18. gxh3 Qg5+ 19. Kh1 Nf3 20. Bxf3 Qe5
0-1

[Event "Olimpiada Calviá 2004"]
[Site "Calviá ESP"]
[Date "2004.10.18"]
[Round "4.50"]
[White "Wijesurija, G  Laxman"]
[Black "Gautam, Asheesh"]
[Result "1-0"]
[WhiteElo "2124"]
[BlackElo "1969"]
[PlyCount "81"]
[EventDate "2004.10.15"]
[EventType "team"]
[EventRounds "14"]
[EventCountry "ESP"]
[Source "lmi"]
[SourceDate "2004.10.27"]

1. d4 d5 2. Nf3 Nf6 3. Bg5 e6 4. e3 Be7 5. Nbd2 O-O 6. Bd3 Nbd7 7. O-O b6 8. c3
Bb7 9. Bxf6 Nxf6 10. Ne5 c5 11. Qf3 Bd6 12. Qh3 h6 13. f4 cxd4 14. exd4 Bxe5
15. fxe5 Nh7 16. Rf2 Ng5 17. Qg4 Qe7 18. Raf1 a5 19. h4 Nh7 20. Qh5 f5 21. exf6
Nxf6 22. Qg6 Ne4 23. Nxe4 dxe4 24. Bxe4 Bxe4 25. Qxe4 Qd6 26. Rxf8+ Rxf8 27.
Rxf8+ Kxf8 28. Kf2 Kf7 29. Kf3 Qd7 30. b3 Qc8 31. c4 Kg8 32. Qe5 Qf8+ 33. Ke4
Qe7 34. g3 Qf7 35. h5 g5 36. g4 Qh7+ 37. Ke3 Qc2 38. Qxe6+ Kg7 39. Qg6+ Qxg6
40. hxg6 Kxg6 41. c5 1-0

[Event "Olimpiada Calviá 2004"]
[Site "Calviá ESP"]
[Date "2004.10.18"]
[Round "4.51"]
[White "Kawuma, Steven Male"]
[Black "Gillani, Tunveer"]
[Result "0-1"]
[WhiteElo "2141"]
[BlackElo "2277"]
[PlyCount "118"]
[EventDate "2004.10.15"]
[EventType "team"]
[EventRounds "14"]
[EventCountry "ESP"]
[Source "lmi"]
[SourceDate "2004.10.27"]

1. e4 Nc6 2. Nf3 g6 3. d4 Bg7 4. Be3 d6 5. Qd2 Nf6 6. Nc3 O-O 7. O-O-O Ng4 8.
Bg5 f6 9. Bf4 e5 10. dxe5 dxe5 11. Qe2 Qe7 12. Bd2 Be6 13. h3 Nh6 14. Nd5 Qf7
15. Be3 Rfc8 16. Qd2 Qf8 17. Bc4 Kh8 18. g4 Nf7 19. g5 fxg5 20. h4 Nd6 21. Be2
Nxe4 22. Qe1 g4 23. Ng5 Nxg5 24. hxg5 Nd4 25. Nf4 Nxe2+ 26. Nxe2 Bxa2 27. Rh4
Rd8 28. Rxd8 Rxd8 29. Rxg4 Qd6 30. Ra4 Bd5 31. Rxa7 Bf3 32. Ra4 Qc6 33. Rh4 Qa6
34. Nc3 Qa1+ 35. Nb1 Rd1+ 36. Qxd1 Bxd1 37. Rb4 Bf3 38. Rb3 Qa8 39. Bc5 b6 40.
Be7 Kg8 41. Rd3 Kf7 42. Bb4 Bg4 43. f3 Bf5 44. Rc3 c5 45. Ra3 Qb7 46. Bd2 Bf8
47. Re3 Bd6 48. Nc3 Qa6 49. Kb1 Qf1+ 50. Ka2 Bxc2 51. b3 Qf2 52. Bc1 Bf5+ 53.
Re2 Qxf3 54. Bb2 b5 55. Rh2 Qa8+ 56. Ba3 b4 57. Nb5 Bf8 58. Rxh7+ Kg8 59. Ra7
Qe4 0-1

[Event "Olimpiada Calviá 2004"]
[Site "Calviá ESP"]
[Date "2004.10.18"]
[Round "4.52"]
[White "Mok, Tze-Meng"]
[Black "Matthews, Shane"]
[Result "1-0"]
[WhiteElo "2336"]
[BlackElo "2251"]
[PlyCount "95"]
[EventDate "2004.10.15"]
[EventType "team"]
[EventRounds "14"]
[EventCountry "ESP"]
[Source "lmi"]
[SourceDate "2004.10.27"]

1. e4 c5 2. Nf3 e6 3. Nc3 a6 4. g3 Nc6 5. Bg2 d5 6. exd5 exd5 7. d4 cxd4 8.
Nxd4 Bb4 9. O-O Nge7 10. Nxc6 bxc6 11. Qd4 Bxc3 12. Qxc3 O-O 13. b3 Re8 14. Ba3
Be6 15. Rfe1 Qd7 16. Rad1 Bg4 17. Rc1 Ng6 18. Rxe8+ Rxe8 19. Re1 f6 20. h3 Bf5
21. Rxe8+ Qxe8 22. Qd2 Kf7 23. f4 Be4 24. Bf1 Qc8 25. Kh2 h5 26. Bc5 Qf5 27.
Be3 Bxc2 28. Bxa6 h4 29. Be2 hxg3+ 30. Kxg3 Ne7 31. Kh2 Qe4 32. Qd4 Qxd4 33.
Bxd4 Nf5 34. Bc5 d4 35. Bg4 Kg6 36. h4 Nxh4 37. Bxd4 Nf5 38. Bc5 Nh6 39. Bd7
Bb1 40. a4 Bc2 41. a5 Bd3 42. Bxc6 Kf5 43. b4 Kxf4 44. b5 Ng4+ 45. Kg1 Ne5 46.
Bd6 Ke3 47. Bxe5 fxe5 48. a6 1-0

[Event "Olimpiada Calviá 2004"]
[Site "Calviá ESP"]
[Date "2004.10.18"]
[Round "4.52"]
[White "Rowe, Duane"]
[Black "Lim, Yee-Weng"]
[Result "1-0"]
[WhiteElo "2197"]
[BlackElo "2346"]
[PlyCount "79"]
[EventDate "2004.10.15"]
[EventType "team"]
[EventRounds "14"]
[EventCountry "ESP"]
[Source "lmi"]
[SourceDate "2004.10.27"]

1. e4 c5 2. Nf3 d6 3. d4 cxd4 4. Nxd4 Nf6 5. Nc3 g6 6. Be3 Bg7 7. f3 Nc6 8. Qd2
O-O 9. O-O-O Nxd4 10. Bxd4 Be6 11. Kb1 Qc7 12. h4 Rfc8 13. h5 Qa5 14. hxg6 hxg6
15. a3 Rab8 16. Bd3 Bc4 17. Rh3 b5 18. Bxc4 bxc4 19. Kc1 Rc6 20. Rdh1 Rcb6 21.
Nd5 Qxd2+ 22. Kxd2 R6b7 23. Nxf6+ exf6 24. g4 Rb5 25. f4 Kf8 26. a4 Rxb2 27.
Bxb2 Rxb2 28. f5 Rb4 29. Rc3 Rxa4 30. Ke3 gxf5 31. gxf5 Ke7 32. Kd4 a5 33. Rxc4
Rxc4+ 34. Kxc4 Bf8 35. Kd5 Kd7 36. Ra1 Bh6 37. Rxa5 Bf4 38. Ra7+ Kd8 39. Kc6
Be5 40. Rd7+ 1-0

[Event "Olimpiada Calviá 2004"]
[Site "Calviá ESP"]
[Date "2004.10.18"]
[Round "4.52"]
[White "Leong, Mun Wan"]
[Black "Porter, Russel"]
[Result "1/2-1/2"]
[WhiteElo "2205"]
[BlackElo "2176"]
[PlyCount "145"]
[EventDate "2004.10.15"]
[EventType "team"]
[EventRounds "14"]
[EventCountry "ESP"]
[Source "lmi"]
[SourceDate "2004.10.27"]

1. e4 c5 2. Nf3 e6 3. d4 cxd4 4. Nxd4 Nc6 5. Nb5 d6 6. c4 Nf6 7. N1c3 a6 8. Na3
Be7 9. Be2 O-O 10. Be3 b6 11. O-O Rb8 12. f4 Bb7 13. Bf3 Nd7 14. Qd2 Rc8 15.
Rad1 Nc5 16. Nc2 Rc7 17. Qf2 Qc8 18. b4 Nd7 19. Bxb6 Nxb6 20. Qxb6 Nxb4 21.
Nxb4 d5 22. Na4 Rxc4 23. a3 Bd8 24. Qe3 a5 25. Nb2 Rc3 26. N4d3 Rb3 27. Kh1 Bb6
28. Qe1 Qb8 29. Na4 Ba6 30. Ndc5 Bxc5 31. Nxc5 Bxf1 32. Nxb3 Qxb3 33. Qxf1 dxe4
34. Bxe4 Qxa3 35. Ra1 Qb4 36. Qe1 Rb8 37. Qxb4 Rxb4 38. Rxa5 g6 39. Bc2 Rxf4
40. Kg1 Rc4 41. Bd3 Rc3 42. Be2 h5 43. h3 Kg7 44. Kf2 Rb3 45. Ra7 Rb2 46. Ke3
Rb3+ 47. Kf4 Kf6 48. Bf3 Rb4+ 49. Kg3 h4+ 50. Kf2 Rb2+ 51. Ke3 Rb3+ 52. Kd4 Rb5
53. Bc6 Rf5 54. Be4 Rf4 55. Ke3 Rf1 56. Bf3 Re1+ 57. Kf2 Rb1 58. Ra4 Rb2+ 59.
Kg1 g5 60. Bh5 Rb7 61. Ra5 Rb1+ 62. Kf2 Rb2+ 63. Kf3 Rb3+ 64. Ke4 Rb4+ 65. Kd3
Rf4 66. Ke3 Rf1 67. Ra7 Kg7 68. Bg4 Kg6 69. Ra6 Re1+ 70. Be2 Rc1 71. Bd3+ Kg7
72. Kf3 Rc3 73. Rd6 1/2-1/2

[Event "Olimpiada Calviá 2004"]
[Site "Calviá ESP"]
[Date "2004.10.18"]
[Round "4.52"]
[White "Lorne, Malaku"]
[Black "Hafiz, Shafruddin"]
[Result "1/2-1/2"]
[WhiteElo "2110"]
[BlackElo "2075"]
[PlyCount "60"]
[EventDate "2004.10.15"]
[EventType "team"]
[EventRounds "14"]
[EventCountry "ESP"]
[Source "lmi"]
[SourceDate "2004.10.27"]

1. d4 d5 2. c4 e6 3. Nc3 c6 4. Nf3 Nf6 5. Bg5 dxc4 6. a4 Bb4 7. Ne5 Qa5 8. Bd2
Nbd7 9. Nxc4 Qc7 10. e3 O-O 11. Be2 e5 12. O-O exd4 13. exd4 Nb6 14. Qb3 Bxc3
15. Bxc3 Be6 16. Ba5 Nfd5 17. Rac1 Qe7 18. Rfe1 Qf6 19. Qd1 Nxc4 20. Bxc4 Rfe8
21. Re5 Nf4 22. Qe1 Bd7 23. Bc3 Qg6 24. g3 Qg4 25. Qd1 Nh3+ 26. Kg2 Nf4+ 27.
Kh1 Nh3 28. Kg2 Nf4+ 29. Kh1 Nh3 30. Kg2 Nf4+ 1/2-1/2

[Event "Olimpiada Calviá 2004"]
[Site "Calviá ESP"]
[Date "2004.10.18"]
[Round "4.53"]
[White "Phillips, Roy"]
[Black "Pace, Colin"]
[Result "0-1"]
[WhiteElo "2229"]
[BlackElo "2145"]
[PlyCount "114"]
[EventDate "2004.10.15"]
[EventType "team"]
[EventRounds "14"]
[EventCountry "ESP"]
[Source "lmi"]
[SourceDate "2004.10.27"]

1. d4 d5 2. c4 e6 3. cxd5 exd5 4. Nc3 c6 5. Nf3 Bd6 6. Bg5 f6 7. Bh4 Bf5 8. e3
Ne7 9. Bd3 Nd7 10. Bg3 Nb6 11. Bxd6 Qxd6 12. Bxf5 Nxf5 13. Qd3 Qe6 14. O-O Nd6
15. Nd2 O-O 16. Nb3 Qf7 17. Nc5 f5 18. Ne2 Nd7 19. Nxd7 Qxd7 20. g3 Rf6 21. Kg2
Ne4 22. Ng1 Raf8 23. Nf3 Rh6 24. Ne5 Qe8 25. f3 Qh5 26. h4 Nxg3 27. Rh1 Nxh1
28. Rxh1 f4 29. e4 dxe4 30. Qxe4 Qf5 31. Qe2 Qe6 32. Qc2 Rd8 33. h5 Qd5 34. Ng4
Rxh5 35. Rxh5 Qxh5 36. Qb3+ Qd5 37. Qxb7 Qxd4 38. Qe7 Qd2+ 39. Kh3 Qd7 40. Qg5
h6 41. Qg6 Re8 42. Kh4 Kh8 43. Kh3 Qe6 44. Qh5 Qe1 45. Nf2 Qf1+ 46. Kg4 Qg2+
47. Kxf4 Qg5+ 48. Qxg5 hxg5+ 49. Kf5 Re2 50. Nd3 Rc2 51. a3 c5 52. Kxg5 c4 53.
Ne5 c3 54. bxc3 Rxc3 55. a4 Ra3 56. Nc6 Rxa4 57. f4 Ra1 0-1

[Event "Olimpiada Calviá 2004"]
[Site "Calviá ESP"]
[Date "2004.10.18"]
[Round "4.53"]
[White "Cilia Vincenti, David"]
[Black "Li Ying, Patrick"]
[Result "0-1"]
[WhiteElo "2189"]
[BlackElo "2200"]
[PlyCount "112"]
[EventDate "2004.10.15"]
[EventType "team"]
[EventRounds "14"]
[EventCountry "ESP"]
[Source "lmi"]
[SourceDate "2004.10.27"]

1. d4 Nf6 2. c4 e6 3. Nc3 Bb4 4. Qc2 d5 5. a3 Bxc3+ 6. Qxc3 Ne4 7. Qc2 e5 8.
dxe5 Bf5 9. Qa4+ Nc6 10. Nf3 O-O 11. cxd5 Qxd5 12. e3 Nxe5 13. Nxe5 Qxe5 14.
Qd4 Qa5+ 15. b4 Qa4 16. Bb2 Nf6 17. Bc4 Rad8 18. Qc3 Rd7 19. O-O Qc2 20. Qxc2
Bxc2 21. Rac1 Ba4 22. Bxf6 gxf6 23. Rc3 Rfd8 24. Bb3 Bxb3 25. Rxb3 Rd3 26. Rxd3
Rxd3 27. Ra1 Rb3 28. g3 Kg7 29. Kg2 Kg6 30. Kf3 f5 31. Ra2 b6 32. Rc2 Rxa3 33.
Rxc7 Ra4 34. Rc4 f6 35. Rd4 a5 36. bxa5 Rxd4 37. exd4 bxa5 38. Ke3 Kf7 39. Kd3
Ke6 40. Kc4 f4 41. gxf4 f5 42. Kb5 Kd5 43. Kxa5 Kxd4 44. Kb4 h5 45. Kb3 Kd3 46.
Kb4 h4 47. Kc5 Ke4 48. Kd6 h3 49. Ke6 Kxf4 50. Kf6 Kf3 51. Kxf5 Kg2 52. f4 Kxh2
53. Kg6 Kg3 54. f5 h2 55. f6 h1=Q 56. f7 Qh8 0-1

[Event "Olimpiada Calviá 2004"]
[Site "Calviá ESP"]
[Date "2004.10.18"]
[Round "4.53"]
[White "Chinasamy, Devarajen"]
[Black "Vella, Duncan"]
[Result "1-0"]
[WhiteElo "2200"]
[BlackElo "2167"]
[PlyCount "79"]
[EventDate "2004.10.15"]
[EventType "team"]
[EventRounds "14"]
[EventCountry "ESP"]
[Source "lmi"]
[SourceDate "2004.10.27"]

1. f4 d5 2. Nf3 c5 3. e3 Nc6 4. b3 Bg4 5. Bb2 e6 6. Be2 Nf6 7. Ne5 Bxe2 8. Qxe2
Nxe5 9. Bxe5 Be7 10. O-O O-O 11. d3 Nd7 12. Bb2 f5 13. Nd2 Bf6 14. Bxf6 Qxf6
15. e4 b5 16. e5 Qe7 17. a4 a6 18. Ra2 Nb6 19. c3 Qd7 20. axb5 axb5 21. Rfa1
Qb7 22. Nf3 h6 23. Ra5 Rxa5 24. Rxa5 Qc6 25. Qa2 Ra8 26. Kf2 Rxa5 27. Qxa5 Nd7
28. h4 Qb6 29. Qa8+ Kf7 30. Ke2 c4 31. dxc4 dxc4 32. b4 Qc7 33. Nd4 Nb6 34. Qf3
Qd7 35. g4 Nd5 36. gxf5 Qd8 37. fxe6+ Kg8 38. Nc6 Qxh4 39. Qxd5 Qxf4 40. e7+
1-0

[Event "Olimpiada Calviá 2004"]
[Site "Calviá ESP"]
[Date "2004.10.18"]
[Round "4.53"]
[White "Sammut, Ron"]
[Black "Seegolam, Pradeep"]
[Result "1/2-1/2"]
[WhiteElo "1826"]
[BlackElo "2200"]
[PlyCount "133"]
[EventDate "2004.10.15"]
[EventType "team"]
[EventRounds "14"]
[EventCountry "ESP"]
[Source "lmi"]
[SourceDate "2004.10.27"]

1. e4 e5 2. Nf3 Nc6 3. Bb5 a6 4. Ba4 Nf6 5. O-O b5 6. Bb3 Be7 7. Re1 d6 8. c3
O-O 9. h3 Na5 10. Bc2 c5 11. d4 Qc7 12. Bg5 Nc4 13. b3 Nb6 14. Nbd2 Bd7 15. Rc1
Rfe8 16. Nf1 g6 17. Bb1 Kg7 18. Qd2 Ng8 19. Bxe7 Rxe7 20. Ng3 h6 21. Bd3 Nf6
22. Rc2 Ree8 23. Rec1 Bc6 24. dxc5 dxc5 25. Qe3 Rad8 26. Rd2 Bb7 27. Rcd1 Bc8
28. Bc2 Rxd2 29. Rxd2 Be6 30. Bd1 Re7 31. Bc2 Rd7 32. Bd1 Rxd2 33. Qxd2 Qd7 34.
Qxd7 Nfxd7 35. Bc2 a5 36. a3 c4 37. b4 axb4 38. axb4 f6 39. Ne2 Na4 40. Nd2
Ndb6 41. f3 Nb2 42. Nb1 Nd3 43. Na3 Bd7 44. Kf1 Nf4 45. Nxf4 exf4 46. Kf2 g5
47. Ke2 Kf7 48. Bd1 Ke6 49. Nc2 Ke5 50. Nd4 Nc8 51. Kd2 Ne7 52. Be2 Nc8 53. Bd1
Nd6 54. Be2 h5 55. Bd1 g4 56. hxg4 hxg4 57. Ke1 g3 58. Be2 Nc8 59. Bf1 Nb6 60.
Kd2 Na8 61. Be2 Nc7 62. Bf1 Ne6 63. Nxe6 Bxe6 64. Be2 Bd7 65. Bf1 Bc6 66. Be2
Bb7 67. Bf1 1/2-1/2

[Event "Olimpiada Calviá 2004"]
[Site "Calviá ESP"]
[Date "2004.10.18"]
[Round "4.54"]
[White "Elarbi, Abobker"]
[Black "Nanjo, Ryosuke"]
[Result "1/2-1/2"]
[WhiteElo "2253"]
[BlackElo "2154"]
[PlyCount "98"]
[EventDate "2004.10.15"]
[EventType "team"]
[EventRounds "14"]
[EventCountry "ESP"]
[Source "lmi"]
[SourceDate "2004.10.27"]

1. d4 d6 2. c4 e5 3. Nc3 exd4 4. Qxd4 Nc6 5. Qd1 Be6 6. b3 Nf6 7. e4 Be7 8. Nf3
O-O 9. Be2 Ne5 10. Nd4 Bd7 11. O-O Re8 12. f4 Nc6 13. Nc2 Qc8 14. Ne3 Bf8 15.
Bf3 a5 16. a3 Nd8 17. Ned5 Nxd5 18. Nxd5 b5 19. Bb2 bxc4 20. Qd4 Ne6 21. Qc3
Rb8 22. bxc4 c6 23. Ne3 Nxf4 24. Rf2 Qd8 25. Bg4 Rxe4 26. Bxd7 Qxd7 27. Raf1
Ng6 28. Nf5 f6 29. Qg3 a4 30. Qh3 Qe6 31. Qd3 Rb3 32. Qd2 d5 33. Nd4 Rxb2 34.
Qxb2 Qg4 35. h3 Qd7 36. Rd2 c5 37. Nf5 d4 38. Qb5 Qe6 39. Qxa4 Rf4 40. Qc2
Rxf1+ 41. Kxf1 Nf4 42. Rf2 Qe5 43. Qd2 g5 44. Ng3 d3 45. Qe1 Qd4 46. Qe4 Qa1+
47. Qe1 Qd4 48. Qe4 Qa1+ 49. Qe1 Qd4 1/2-1/2

[Event "Olimpiada Calviá 2004"]
[Site "Calviá ESP"]
[Date "2004.10.18"]
[Round "4.54"]
[White "Shiomi, Ryo"]
[Black "Salem, Ali Maoloud"]
[Result "0-1"]
[WhiteElo "2072"]
[BlackElo "2228"]
[PlyCount "104"]
[EventDate "2004.10.15"]
[EventType "team"]
[EventRounds "14"]
[EventCountry "ESP"]
[Source "lmi"]
[SourceDate "2004.10.27"]

1. d4 f5 2. Nf3 Nf6 3. e3 e6 4. Bd3 b6 5. c4 Bb7 6. O-O Be7 7. Nc3 O-O 8. Qc2
Bb4 9. Ne2 Ne4 10. a3 Bd6 11. Ng3 Bxg3 12. hxg3 a5 13. Nd2 d5 14. b3 Nd7 15.
cxd5 exd5 16. Nf3 c5 17. Bb2 Rc8 18. Qe2 Rc6 19. Ne5 Nxe5 20. dxe5 Qg5 21. Rad1
Rh6 22. Qf3 Bc6 23. Be2 Qe7 24. Bd3 b5 25. Qe2 Qg5 26. Qf3 c4 27. bxc4 dxc4 28.
Bxe4 Bxe4 29. Qf4 Qe7 30. e6 Rxe6 31. Qh4 Qxh4 32. gxh4 Bd3 33. Bc3 b4 34. axb4
axb4 35. Bxb4 Rb8 36. Bc3 Rb3 37. Bd4 Bxf1 38. Kxf1 c3 39. Rc1 Rc6 40. Ke2 Ra3
41. Rc2 g6 42. f3 Rb3 43. Kd3 Rb2 44. g4 Rxc2 45. Kxc2 fxg4 46. fxg4 Rc4 47. g5
Kf7 48. Bf6 Ke6 49. Bxc3 Rxh4 50. Kd3 Kf5 51. Bf6 h5 52. Ke2 Ke4 0-1

[Event "Olimpiada Calviá 2004"]
[Site "Calviá ESP"]
[Date "2004.10.18"]
[Round "4.54"]
[White "Asabri, Hussien"]
[Black "Kato, Takeshi"]
[Result "0-1"]
[WhiteElo "2286"]
[BlackElo "2045"]
[PlyCount "94"]
[EventDate "2004.10.15"]
[EventType "team"]
[EventRounds "14"]
[EventCountry "ESP"]
[Source "lmi"]
[SourceDate "2004.10.27"]

1. d4 Nf6 2. Nf3 g6 3. c4 Bg7 4. g3 O-O 5. Bg2 d6 6. Nc3 Nbd7 7. O-O c6 8. e4
e5 9. h3 Qb6 10. c5 dxc5 11. dxe5 Ne8 12. e6 fxe6 13. Ng5 Ne5 14. f4 c4+ 15.
Kh2 Nd3 16. e5 Nc7 17. Qe2 Nd5 18. Be4 Qa6 19. Bd2 Nxb2 20. Nxh7 Bd7 21. Nxf8
Rxf8 22. Bxg6 Ne7 23. Bc2 Nd3 24. Ne4 Nf5 25. Qg4 Be8 26. Bxd3 cxd3 27. Nf6+
Kf7 28. Qh5+ Ke7 29. Nxe8 Rxe8 30. g4 Nd4 31. f5 Bxe5+ 32. Kg2 Qb5 33. f6+ Kd6
34. Bb4+ c5 35. f7 Qc6+ 36. Kg1 Ne2+ 37. Kf2 cxb4 38. fxe8=N+ Kd5 39. Qg6 Bd4+
40. Kg2 Kc4+ 41. Rf3 Nf4+ 42. Kg3 Nxg6 43. Rc1+ Bc3 44. Nf6 d2 45. Rb1 Qd6+ 46.
Kf2 d1=Q 47. Rxd1 Qxd1 0-1

[Event "Olimpiada Calviá 2004"]
[Site "Calviá ESP"]
[Date "2004.10.18"]
[Round "4.54"]
[White "Yamagishi, Tomohiko"]
[Black "Chahrani, Ibrahim"]
[Result "0-1"]
[WhiteElo "2087"]
[BlackElo "2273"]
[PlyCount "90"]
[EventDate "2004.10.15"]
[EventType "team"]
[EventRounds "14"]
[EventCountry "ESP"]
[Source "lmi"]
[SourceDate "2004.10.27"]

1. f4 d5 2. Nf3 c5 3. e3 Nc6 4. Bb5 Bg4 5. b3 Nf6 6. Bb2 e6 7. O-O Bd6 8. Qe1
Bxf3 9. Rxf3 Qe7 10. Be5 Bxe5 11. fxe5 Nd7 12. Qg3 O-O 13. Bxc6 bxc6 14. Nc3 f6
15. exf6 Nxf6 16. Raf1 e5 17. d3 d4 18. Ne4 Nxe4 19. dxe4 Qd6 20. Qf2 Rxf3 21.
Qxf3 Qe7 22. Qe2 h6 23. h3 Rd8 24. Qc4+ Kh7 25. exd4 Rxd4 26. Qf7 Qg5 27. Qf5+
Qxf5 28. exf5 Rd2 29. Rf2 Rd1+ 30. Kh2 Rd8 31. Re2 Re8 32. Re4 g6 33. fxg6+
Kxg6 34. g4 Kf6 35. Kg3 Ke6 36. h4 Kd5 37. Re2 Kd4 38. g5 hxg5 39. hxg5 e4 40.
g6 e3 41. Kf4 Rf8+ 42. Kg5 Rf2 43. Re1 e2 44. Kg4 Ke3 45. Kg3 Rf6 0-1

[Event "Olimpiada Calviá 2004"]
[Site "Calviá ESP"]
[Date "2004.10.18"]
[Round "4.55"]
[White "Cave, Christo"]
[Black "Van Hoolandt, Patrick"]
[Result "1-0"]
[WhiteElo "2276"]
[BlackElo "2269"]
[PlyCount "107"]
[EventDate "2004.10.15"]
[EventType "team"]
[EventRounds "14"]
[EventCountry "ESP"]
[Source "lmi"]
[SourceDate "2004.10.27"]

1. e4 e5 2. Nf3 Nc6 3. Bc4 Bc5 4. c3 Nf6 5. O-O Nxe4 6. d4 exd4 7. cxd4 d5 8.
dxc5 dxc4 9. Qe2 Qd3 10. Re1 f5 11. Nc3 O-O 12. Nxe4 fxe4 13. Qxe4 Bf5 14. Qh4
c3 15. bxc3 Qxc3 16. Be3 Rad8 17. Rac1 Qb4 18. Qg3 Qb2 19. Nh4 Qxa2 20. Bh6 Bg6
21. Nxg6 hxg6 22. Bf4 Rde8 23. Red1 Qa4 24. Be3 Ne5 25. h3 Qe4 26. Rd4 Qf5 27.
Rcd1 Nc6 28. Rd7 Rf7 29. Qxc7 Rxe3 30. Rxf7 Qxf7 31. Qxf7+ Kxf7 32. fxe3 Ke7
33. Rb1 Nd8 34. Kf2 Kd7 35. Rd1+ Kc7 36. Rd6 a5 37. Rxg6 a4 38. Rg4 Kc6 39. Rd4
Ne6 40. Rd6+ Kxc5 41. Rxe6 a3 42. Re8 b5 43. Ra8 b4 44. Ke2 Kc4 45. Kd2 Kb3 46.
e4 Ka2 47. Rb8 b3 48. Kc3 b2 49. Kc2 g5 50. Rb3 g4 51. Rxa3+ Kxa3 52. Kb1 gxh3
53. gxh3 Kb4 54. h4 1-0

[Event "Olimpiada Calviá 2004"]
[Site "Calviá ESP"]
[Date "2004.10.18"]
[Round "4.55"]
[White "Gentilleau, Jean-Philippe"]
[Black "Merritt, Mario"]
[Result "1/2-1/2"]
[WhiteElo "2256"]
[BlackElo "2079"]
[PlyCount "77"]
[EventDate "2004.10.15"]
[EventType "team"]
[EventRounds "14"]
[EventCountry "ESP"]
[Source "lmi"]
[SourceDate "2004.10.27"]

1. e4 c5 2. Nf3 Nc6 3. d4 cxd4 4. Nxd4 g6 5. c4 Bg7 6. Be3 Nf6 7. Nc3 O-O 8.
Be2 d6 9. O-O Bd7 10. f3 Nxd4 11. Bxd4 a5 12. Kh1 Bc6 13. Qc2 Nd7 14. Bxg7 Kxg7
15. f4 Qb6 16. Bf3 Kg8 17. Rad1 Rfd8 18. Qe2 Nc5 19. Rd2 a4 20. Nd5 Bxd5 21.
cxd5 a3 22. b3 Qa6 23. Qd1 Qb6 24. e5 f6 25. exf6 exf6 26. Re2 Re8 27. Rfe1 Kf7
28. h3 Qb4 29. f5 Re5 30. fxg6+ hxg6 31. Rxe5 fxe5 32. Bg4 Kg7 33. Rf1 Rf8 34.
Rxf8 Kxf8 35. Qc1 Kg7 36. Qg5 Ne4 37. Qe7+ Kh6 38. Qh4+ Kg7 39. Qe7+ 1/2-1/2

[Event "Olimpiada Calviá 2004"]
[Site "Calviá ESP"]
[Date "2004.10.18"]
[Round "4.55"]
[White "Yee, Frank"]
[Black "Calabrese, Antonino"]
[Result "1-0"]
[WhiteElo "2101"]
[BlackElo "2038"]
[PlyCount "107"]
[EventDate "2004.10.15"]
[EventType "team"]
[EventRounds "14"]
[EventCountry "ESP"]
[Source "lmi"]
[SourceDate "2004.10.27"]

1. e4 e5 2. Nf3 d6 3. d4 Nf6 4. Nc3 Nbd7 5. Bc4 Be7 6. h3 c6 7. Bb3 exd4 8.
Qxd4 b5 9. Qe3 Nc5 10. e5 dxe5 11. Nxe5 Nxb3 12. axb3 Qc7 13. O-O Be6 14. Re1
O-O 15. Nxf7 Bb4 16. Ne5 Nd5 17. Nxd5 cxd5 18. Nd3 Bxh3 19. Nxb4 Rae8 20. Qd2
Be6 21. Nxd5 Qc5 22. Nf4 Bf7 23. Nd3 Qd4 24. Rxe8 Rxe8 25. Qc3 Qg4 26. Be3 Bd5
27. Ne1 Qd7 28. Rxa7 Qg4 29. Qd2 Qe4 30. Rd7 Bf7 31. Rd8 Qe5 32. Rxe8+ Bxe8 33.
Qd4 Qf5 34. Qc5 Qd7 35. Nd3 Qe6 36. Qe5 Qc6 37. Bd4 Qg6 38. Nf4 Qf7 39. Qe6 g5
40. Qxf7+ Kxf7 41. Nd3 Ke6 42. Kf1 Kd5 43. Bf6 g4 44. Ke2 h5 45. g3 Ke4 46.
Nc5+ Kf5 47. Bd8 Bc6 48. Ke3 Ke5 49. Nd3+ Kf5 50. Nf4 Be8 51. Kd4 Bf7 52. c4
bxc4 53. bxc4 Be8 54. b4 1-0

[Event "Olimpiada Calviá 2004"]
[Site "Calviá ESP"]
[Date "2004.10.18"]
[Round "4.56"]
[White "Fancy, Stuart"]
[Black "Shrestha, Bilam Lal"]
[Result "1/2-1/2"]
[WhiteElo "2195"]
[BlackElo "2180"]
[PlyCount "81"]
[EventDate "2004.10.15"]
[EventType "team"]
[EventRounds "14"]
[EventCountry "ESP"]
[Source "lmi"]
[SourceDate "2004.10.27"]

1. e4 e5 2. Nf3 Nc6 3. Bb5 a6 4. Bxc6 dxc6 5. O-O Bd6 6. d4 Bg4 7. dxe5 Bxf3 8.
Qxf3 Bxe5 9. Nd2 Qf6 10. c3 Ne7 11. Qxf6 Bxf6 12. f4 Ng6 13. e5 Be7 14. Ne4 O-O
15. Be3 Rfd8 16. Bd4 Rd5 17. Ng3 c5 18. Be3 b6 19. Nf5 Bf8 20. Rad1 Rad8 21.
Rxd5 Rxd5 22. c4 Rd3 23. Kf2 Ne7 24. Ke2 Rd8 25. Nxe7+ Bxe7 26. Rd1 Rxd1 27.
Kxd1 f6 28. g4 fxe5 29. fxe5 Kf7 30. Ke2 h6 31. Kf3 Ke6 32. Ke4 Bg5 33. Bf2 Bc1
34. b3 Bb2 35. Bg3 g5 36. h3 Bc3 37. Bh2 Be1 38. Ke3 Bc3 39. Ke4 Bd4 40. Bg3
Bg1 41. Kd3 1/2-1/2